[Event "Basel Easter op"]
[Site "Basel"]
[Date "2024.04.01"]
[Round "9"]
[White "Collin, Moritz Valentin"]
[Black "Karacsonyi, Gellert"]
[Result "1/2-1/2"]
[WhiteElo "2246"]
[BlackElo "2386"]
[PlyCount "105"]
[EventDate "2024.03.28"]
[EventType "swiss"]
[EventRounds "9"]
[EventCountry "SUI"]
[SourceTitle "CB14_2024"]
[SourceDate "2024.04.01"]
[SourceVersion "1"]
[SourceVersionDate "2024.04.01"]
[SourceQuality "1"]

1. d4 e6 2. c4 Nf6 3. Nc3 Bb4 4. e3 0-0 5. Bd2 c5 6. a3 Bxc3 7. Bxc3 Ne4 8. Ne2 b6 9. d5 Bb7 10. f3 Nxc3 11. Nxc3 exd5 12. cxd5 d6 13. e4 a6 14. a4 Nd7 15. Be2 f5 16. exf5 Rxf5 17. 0-0 Qg5 18. Bd3 Rff8 19. Ne4 Qe5 20. Re1 Nf6 21. Bc4 Rae8 22. Qd2 Nxe4 23. Rxe4 Qf5 24. Rae1 Rxe4 25. Rxe4 b5 26. axb5 axb5 27. Bxb5 Bxd5 28. Re1 Rd8 29. b4 Bf7 30. Rc1 Qf6 31. bxc5 dxc5 32. Qe3 c4 33. Bxc4 Bxc4 34. Rxc4 Qa1+ 35. Rc1 Rd1+ 36. Rxd1 Qxd1+ 37. Kf2 Qc2+ 38. Kf1 Qb1+ 39. Qe1 Qb5+ 40. Kg1 h6 41. h4 Qc5+ 42. Kh2 Qd6+ 43. Qg3 Qc5 44. Qf4 Kh8 45. Qe4 Qc7+ 46. f4 Qd8 47. Kg3 Qf8 48. Qe5 Qa3+ 49. Kh2 Qa4 50. h5 Qd7 51. f5 Qf7 52. g4 Qa2+ 53. Kg3 1/2-1/2

[Event "Basel Christmas op"]
[Site "Basel"]
[Date "2023.12.30"]
[Round "9"]
[White "Hesse, Henrik"]
[Black "Collin, Moritz Valentin"]
[Result "0-1"]
[WhiteElo "2328"]
[BlackElo "2165"]
[PlyCount "88"]
[EventDate "2023.12.26"]
[EventType "swiss"]
[EventRounds "9"]
[EventCountry "SUI"]
[SourceTitle "CB02_2024"]
[SourceDate "2024.01.10"]
[SourceVersion "1"]
[SourceVersionDate "2024.01.10"]
[SourceQuality "1"]

1. c4 Nf6 2. g3 c6 3. Bg2 d5 4. Nf3 dxc4 5. 0-0 Nbd7 6. Na3 Nb6 7. Qc2 g6 8. Nxc4 Nxc4 9. Qxc4 Bg7 10. d3 0-0 11. Qc2 a5 12. Bf4 Nd5 13. Be5 Bxe5 14. Nxe5 Be6 15. a3 Qb6 16. Nf3 Rfd8 17. Ng5 Ne3 18. Qa4 Rd4 19. b4 Nxf1 20. Nxe6 fxe6 21. Rxf1 Rf8 22. Qb3 axb4 23. e3 Rd6 24. axb4 Qb5 25. d4 Qe2 26. Bh3 Rf6 27. Bg2 Kg7 28. Qc3 Rd8 29. e4 Ra8 30. Qc5 Kf8 31. d5 exd5 32. exd5 Ra2 33. dxc6 bxc6 34. h4 Rc2 35. Qd4 Qd2 36. Qe4 Rxf2 37. Rxf2+ Qxf2+ 38. Kh1 h5 39. Kh2 Kf7 40. Kh1 Kf6 41. Kh2 Qxg2+ 42. Qxg2 Rxg2+ 43. Kxg2 Ke5 44. Kf3 Kd4 0-1

[Event "Biel HTO 56th"]
[Site "Biel"]
[Date "2023.07.27"]
[Round "10"]
[White "Kamber, Bruno"]
[Black "Collin, Moritz Valentin"]
[Result "0-1"]
[WhiteElo "2214"]
[BlackElo "2132"]
[PlyCount "78"]
[EventDate "2023.07.17"]
[EventType "swiss"]
[EventRounds "10"]
[EventCountry "SUI"]
[SourceTitle "CBM 215 Extra"]
[Source "ChessBase"]
[SourceDate "2023.09.30"]
[SourceVersion "1"]
[SourceVersionDate "2023.09.30"]
[SourceQuality "1"]

1. e4 c6 2. d4 d5 3. exd5 cxd5 4. Nf3 Nf6 5. Ne5 g6 6. Bb5+ Nbd7 7. Nc3 Bg7 8. Bg5 0-0 9. Qd2 Nb6 10. Bh6 Bf5 11. Bxg7 Kxg7 12. f3 h5 13. 0-0-0 Rc8 14. Rhe1 e6 15. h4 Qe7 16. Bd3 Bxd3 17. Qxd3 Nc4 18. a3 b5 19. Ne2 b4 20. a4 b3 21. Nc3 Qb4 22. cxb3 Qxb3 23. Qc2 Qb6 24. g4 hxg4 25. h5 gxh5 26. Nxc4 Rxc4 27. Qd2 Rb8 28. Re3 Rxd4 29. Qe2 Rb4 30. Nb5 Rxa4 31. Na3 d4 32. Red3 Qc5+ 33. Kb1 Rxa3 34. Rxa3 Qxa3 35. Rg1 Qe3 36. Qh2 Rb5 37. fxg4 hxg4 38. Rc1 Qe4+ 39. Rc2 Rc5 0-1

[Event "Biel HTO 56th"]
[Site "Biel"]
[Date "2023.07.21"]
[Round "5"]
[White "Besou, Hussain"]
[Black "Collin, Moritz Valentin"]
[Result "1-0"]
[WhiteElo "2348"]
[BlackElo "2132"]
[PlyCount "69"]
[EventDate "2023.07.17"]
[EventType "swiss"]
[EventRounds "10"]
[EventCountry "SUI"]
[SourceTitle "CBM 215 Extra"]
[Source "ChessBase"]
[SourceDate "2023.09.30"]
[SourceVersion "1"]
[SourceVersionDate "2023.09.30"]
[SourceQuality "1"]

1. e4 c6 2. d4 d5 3. e5 Bf5 4. Nf3 e6 5. Be2 Ne7 6. 0-0 Ng6 7. a4 c5 8. c3 Nc6 9. Na3 a6 10. Ne1 h5 11. Nac2 cxd4 12. cxd4 Nh4 13. g3 Bxc2 14. Nxc2 Nf5 15. Bxh5 Qb6 16. Be3 Na5 17. Be2 Nb3 18. Rb1 g6 19. Bd3 Rc8 20. Kg2 Bh6 21. Bxf5 Bxe3 22. Bxe6 Qxe6 23. Nxe3 Qh3+ 24. Kf3 Na5 25. Ke2 0-0 26. Nxd5 Kg7 27. Qd3 Rfd8 28. Nf4 Qg4+ 29. f3 Qd7 30. d5 Qxa4 31. Rfc1 Nb3 32. Rc3 Rxc3 33. Qxc3 g5 34. Nh5+ Kh6 35. Nf6 1-0

[Event "Biel HTO 56th"]
[Site "Biel"]
[Date "2023.07.18"]
[Round "2"]
[White "Collin, Moritz Valentin"]
[Black "Gomez Barrera, Javiera Belen"]
[Result "1-0"]
[WhiteElo "2132"]
[BlackElo "2256"]
[PlyCount "75"]
[EventDate "2023.07.17"]
[EventType "swiss"]
[EventRounds "10"]
[EventCountry "SUI"]
[SourceTitle "CBM 215 Extra"]
[Source "ChessBase"]
[SourceDate "2023.09.30"]
[SourceVersion "1"]
[SourceVersionDate "2023.09.30"]
[SourceQuality "1"]

1. d4 Nf6 2. c4 g6 3. Nc3 Bg7 4. e4 d6 5. Be2 0-0 6. Be3 Nc6 7. d5 Ne5 8. Rc1 Re8 9. Nf3 Nxf3+ 10. Bxf3 e6 11. 0-0 exd5 12. cxd5 Bd7 13. Qb3 b5 14. Rfe1 a6 15. h3 Rb8 16. Qc2 Rc8 17. a3 c5 18. dxc6 Bxc6 19. Qd3 Nd7 20. Qxd6 Ne5 21. Qxd8 Nxf3+ 22. gxf3 Rcxd8 23. Red1 Bb7 24. Bb6 Rxd1+ 25. Rxd1 f5 26. Bd4 Bh6 27. Be3 Bg7 28. exf5 gxf5 29. f4 Bf6 30. Rd7 Re7 31. Rxe7 Bxe7 32. Bd4 Kf7 33. b4 Bc6 34. Ne2 Bf3 35. Kf1 Bd5 36. Ng3 Ke6 37. Nh5 Be4 38. Ke2 1-0

[Event "Biel HTO 56th"]
[Site "Biel"]
[Date "2023.07.17"]
[Round "1"]
[White "Huang, Qian"]
[Black "Collin, Moritz Valentin"]
[Result "1-0"]
[WhiteElo "2422"]
[BlackElo "2132"]
[PlyCount "145"]
[EventDate "2023.07.17"]
[EventType "swiss"]
[EventRounds "10"]
[EventCountry "SUI"]
[SourceTitle "CBM 215 Extra"]
[Source "ChessBase"]
[SourceDate "2023.09.30"]
[SourceVersion "1"]
[SourceVersionDate "2023.09.30"]
[SourceQuality "1"]

1. c4 e5 2. g3 Nf6 3. Nc3 d5 4. cxd5 Nxd5 5. Bg2 Nxc3 6. bxc3 Nc6 7. d3 Bc5 8. Nf3 0-0 9. 0-0 Rb8 10. Bb2 Bg4 11. h3 Bh5 12. Qa4 Re8 13. Rad1 Bb6 14. Rfe1 Qf6 15. Qh4 Qxh4 16. Nxh4 f6 17. Nf5 Ne7 18. Ne3 Bf7 19. a4 c6 20. Rb1 Red8 21. Rec1 Nd5 22. Nc4 Bc7 23. Ra1 a5 24. Rcb1 h5 25. Bf1 h4 26. e4 Ne7 27. Ba3 Nc8 28. gxh4 b5 29. axb5 cxb5 30. Ne3 Na7 31. Bc5 Nc6 32. Nf5 Rd7 33. Rb2 Be8 34. Rab1 g6 35. Ne3 Rh7 36. Nd5 Bd8 37. Rxb5 Rxb5 38. Rxb5 Rxh4 39. Bb6 Bxb6 40. Rxb6 Kf7 41. Rb7+ Ke6 42. Nc7+ Kd7 43. Nxe8+ Kxe8 44. d4 Nd8 45. Bb5+ Kf8 46. Rb8 Ke7 47. d5 Nf7 48. c4 Nd6 49. f3 f5 50. c5 fxe4 51. cxd6+ Kxd6 52. fxe4 Rxe4 53. Rd8+ Kc5 54. Be8 Rd4 55. Bxg6 Rxd5 56. Ra8 Kb4 57. Kf2 Rd6 58. Be8 Rh6 59. Bd7 Rh7 60. Ra7 Kc3 61. Ke3 a4 62. Ke4 Kb2 63. Rxa4 Rxd7 64. Kxe5 Kc3 65. h4 Rd1 66. Kf5 Kd3 67. h5 Ke3 68. Rh4 Rf1+ 69. Ke5 Ra1 70. h6 Ra5+ 71. Kf6 Ra6+ 72. Kg5 Kf3 73. h7 1-0

[Event "Bern op"]
[Site "Bern"]
[Date "2023.05.20"]
[Round "6"]
[White "Schweizer, Simon"]
[Black "Collin, Moritz Valentin"]
[Result "0-1"]
[WhiteElo "2164"]
[BlackElo "2066"]
[PlyCount "32"]
[EventDate "2023.05.18"]
[EventType "swiss"]
[EventRounds "7"]
[EventCountry "SUI"]
[SourceTitle "CBM 214 Extra"]
[Source "ChessBase"]
[SourceDate "2023.07.31"]
[SourceVersion "1"]
[SourceVersionDate "2023.07.31"]
[SourceQuality "1"]

1. e4 c6 2. d4 d5 3. e5 Bf5 4. Nf3 e6 5. Be2 Ne7 6. 0-0 Ng6 7. h3 f6 8. c4 Nd7 9. cxd5 exd5 10. Re1 fxe5 11. dxe5 Bc5 12. Nc3 0-0 13. g4 Be4 14. Bg5 Bxf2+ 15. Kf1 Qb6 16. Na4 Qc7 0-1

[Event "Biel HTO 55th"]
[Site "Biel"]
[Date "2022.07.22"]
[Round "9"]
[White "Collin, Moritz Valentin"]
[Black "Gomez Barrera, Javiera Belen"]
[Result "0-1"]
[WhiteElo "2129"]
[BlackElo "2210"]
[PlyCount "70"]
[EventDate "2022.07.13"]
[EventType "swiss"]
[EventRounds "9"]
[EventCountry "SUI"]
[SourceTitle "CBM 209 Extra"]
[Source "ChessBase"]
[SourceDate "2022.09.30"]
[SourceVersion "1"]
[SourceVersionDate "2022.09.30"]
[SourceQuality "1"]

1. d4 Nf6 2. c4 g6 3. h4 Bg7 4. Nc3 Nc6 5. Nf3 d6 6. d5 Nb8 7. e4 e6 8. Be2 0-0 9. 0-0 exd5 10. exd5 Re8 11. Re1 Na6 12. Be3 Nc5 13. Bxc5 dxc5 14. Nd2 Bf5 15. Bf3 Rxe1+ 16. Qxe1 Ng4 17. g3 Qd7 18. Nde4 Re8 19. Qd2 Ne5 20. Qf4 Nxf3+ 21. Qxf3 Qe7 22. Nd2 b6 23. a4 h5 24. a5 bxa5 25. Nb3 Rb8 26. Nxa5 Rxb2 27. Nc6 Qe8 28. Rc1 Rb3 29. Kh2 a6 30. Na5 Ra3 31. Nb7 Qe5 32. Nxc5 Rxc3 33. Rxc3 Qxc3 34. Qe2 Qe5 35. Qa2 Qe1 0-1

[Event "Biel HTO 55th"]
[Site "Biel"]
[Date "2022.07.19"]
[Round "6"]
[White "Bewersdorff, Oliver"]
[Black "Collin, Moritz Valentin"]
[Result "1/2-1/2"]
[WhiteElo "2280"]
[BlackElo "2129"]
[PlyCount "57"]
[EventDate "2022.07.13"]
[EventType "swiss"]
[EventRounds "9"]
[EventCountry "SUI"]
[SourceTitle "CBM 209 Extra"]
[Source "ChessBase"]
[SourceDate "2022.09.30"]
[SourceVersion "1"]
[SourceVersionDate "2022.09.30"]
[SourceQuality "1"]

1. Nf3 Nf6 2. c4 e6 3. g3 d5 4. Bg2 d4 5. 0-0 c5 6. e3 Nc6 7. exd4 cxd4 8. d3 Be7 9. Na3 0-0 10. Re1 h6 11. Nc2 a5 12. b3 Re8 13. Ne5 Nxe5 14. Rxe5 Nd7 15. Rb5 Nc5 16. Ba3 Qc7 17. Nxd4 Rd8 18. Bxc5 Bxc5 19. Nc2 Ra7 20. d4 b6 21. Qd3 e5 22. Bd5 exd4 23. Nxd4 Ba6 24. Rxc5 Qxc5 25. Ne6 Qxd5 26. cxd5 Bxd3 27. Nxd8 Rd7 28. Nc6 Kf8 29. Ne5 1/2-1/2

[Event "Biel HTO 55th"]
[Site "Biel"]
[Date "2022.07.14"]
[Round "2"]
[White "Collin, Moritz Valentin"]
[Black "Kolbus, Dietmar"]
[Result "0-1"]
[WhiteElo "2129"]
[BlackElo "2285"]
[PlyCount "110"]
[EventDate "2022.07.13"]
[EventType "swiss"]
[EventRounds "9"]
[EventCountry "SUI"]
[SourceTitle "CBM 209 Extra"]
[Source "ChessBase"]
[SourceDate "2022.09.30"]
[SourceVersion "1"]
[SourceVersionDate "2022.09.30"]
[SourceQuality "1"]

1. d4 Nf6 2. c4 g6 3. h4 Bg7 4. Nc3 d6 5. e4 Na6 6. Be2 c5 7. d5 h5 8. Bg5 Nh7 9. Be3 Bxc3+ 10. bxc3 Qa5 11. Qb3 Nc7 12. Nf3 Bg4 13. 0-0 b6 14. Qc2 0-0-0 15. a4 f6 16. Nd2 Bxe2 17. Nb3 Qa6 18. Qxe2 Nf8 19. Rfb1 Nd7 20. a5 b5 21. cxb5 Qxb5 22. Qxb5 Nxb5 23. Nxc5 Nxc3 24. Ne6 Nxb1 25. Rxb1 a6 26. Rc1+ Kb8 27. Rc7 Nc5 28. Bxc5 dxc5 29. Rxe7 Rde8 30. Rf7 c4 31. Kf1 c3 32. Ke2 c2 33. Kd2 Rc8 34. Kc1 Rc4 35. d6 Rxe4 36. Nc5 Re2 37. Nxa6+ Ka8 38. d7 Rd8 39. Nb4 Kb7 40. a6+ Kc7 41. Nxc2 Re6 42. Nb4 Rd6 43. Kc2 R8xd7 44. Rxd7+ Rxd7 45. Nd3 Rd4 46. g3 g5 47. hxg5 fxg5 48. f4 h4 49. gxh4 gxh4 50. f5 h3 51. f6 h2 52. f7 Rd8 53. Nf2 Rf8 54. Kd2 Rxf7 55. Nh1 Rf1 0-1

[Event "SUI-ch 121st"]
[Site "Samnaun"]
[Date "2022.07.07"]
[Round "5"]
[White "Collin, Moritz Valentin"]
[Black "Pavlovic, Milos"]
[Result "0-1"]
[WhiteElo "2129"]
[BlackElo "2461"]
[PlyCount "44"]
[EventDate "2022.07.04"]
[EventType "swiss"]
[EventRounds "9"]
[EventCountry "SUI"]
[SourceTitle "CBM 209 Extra"]
[Source "ChessBase"]
[SourceDate "2022.09.30"]
[SourceVersion "1"]
[SourceVersionDate "2022.09.30"]
[SourceQuality "1"]

1. d4 e6 2. c4 Bb4+ 3. Nc3 c5 4. e3 Nc6 5. Nge2 cxd4 6. exd4 d5 7. a3 Bxc3+ 8. Nxc3 Nge7 9. c5 Nf5 10. Bb5 Qh4 11. Ne2 0-0 12. Bxc6 bxc6 13. Qd3 a5 14. Be3 Ba6 15. Qd2 Bxe2 16. Kxe2 Rfb8 17. Rab1 Qg4+ 18. Kf1 Qe4 19. Re1 Rb3 20. h4 Rd3 21. Qc1 Nxd4 22. Rh3 Nb3 0-1

[Event "Schaffhausen op"]
[Site "Schaffhausen"]
[Date "2022.03.18"]
[Round "1"]
[White "Collin, Moritz Valentin"]
[Black "Pfaltz, Maximilian"]
[Result "1-0"]
[WhiteElo "2133"]
[BlackElo "1584"]
[PlyCount "89"]
[EventDate "2022.03.18"]
[EventType "swiss"]
[EventRounds "5"]
[EventCountry "SUI"]
[SourceTitle "CBM 207 Extra"]
[Source "ChessBase"]
[SourceDate "2022.05.31"]
[SourceVersion "1"]
[SourceVersionDate "2022.05.31"]
[SourceQuality "1"]

1. d4 Nf6 2. c4 g6 3. Nc3 Bg7 4. e4 d6 5. Nf3 0-0 6. Be2 e5 7. d5 a5 8. Bg5 Na6 9. Nd2 h6 10. Be3 Nd7 11. 0-0 f5 12. f3 f4 13. Bf2 Nf6 14. a3 Bd7 15. b4 axb4 16. axb4 Nxb4 17. Qb3 Na6 18. Qxb7 Qb8 19. Rfb1 Qxb7 20. Rxb7 Nc5 21. Rba7 Rxa7 22. Rxa7 c6 23. Bxc5 dxc5 24. Nb3 cxd5 25. Nxd5 Nxd5 26. exd5 Bf5 27. Nxc5 e4 28. Rxg7+ Kxg7 29. fxe4 Rc8 30. exf5 Rxc5 31. d6 Rc6 32. d7 Rd6 33. Bg4 Kf6 34. fxg6 Ke7 35. Bf5 Ra6 36. c5 Ra8 37. c6 Kd8 38. g7 Kc7 39. Bh7 Ra1+ 40. Kf2 Ra2+ 41. Kf3 Ra3+ 42. Kxf4 Ra4+ 43. Be4 Ra8 44. Bd5 Ra4+ 45. Ke5 1-0

[Event "Bodensee-Cup"]
[Site "Ueberlingen/Nussdorf"]
[Date "2021.10.16"]
[Round "2.10"]
[White "Kolb, Tobias"]
[Black "Collin, Moritz Valentin"]
[Result "1-0"]
[WhiteElo "2295"]
[BlackElo "2017"]
[PlyCount "41"]
[EventDate "2021.10.15"]
[EventType "team-tourn"]
[EventRounds "3"]
[EventCountry "GER"]
[SourceTitle "EXT 2023"]
[Source "ChessBase"]
[SourceDate "2022.10.05"]
[SourceVersion "1"]
[SourceVersionDate "2022.10.05"]
[SourceQuality "1"]
[WhiteTeam "Bayern"]
[BlackTeam "Switzerland"]
[WhiteTeamCountry "GER"]
[BlackTeamCountry "SUI"]

1. d4 Nf6 2. c4 e6 3. Nc3 Bb4 4. e3 0-0 5. Bd3 d5 6. Nf3 c5 7. 0-0 cxd4 8. exd4 dxc4 9. Bxc4 b6 10. Bg5 Bb7 11. Rc1 Nc6 12. Bd3 Ne7 13. a3 Bxc3 14. bxc3 Qd6 15. Ne5 Qd5 16. f3 Nc6 17. Re1 Rac8 18. Qd2 Rc7 19. Bxf6 gxf6 20. Qh6 f5 21. Ng4 1-0

[Event "Davos Summer op"]
[Site "Davos"]
[Date "2021.08.06"]
[Round "2"]
[White "Erne, Raphael"]
[Black "Collin, Moritz Valentin"]
[Result "1-0"]
[WhiteElo "1787"]
[BlackElo "2043"]
[PlyCount "63"]
[EventDate "2021.08.05"]
[EventType "swiss"]
[EventRounds "5"]
[EventCountry "SUI"]
[SourceTitle "EXT 2022"]
[Source "ChessBase"]
[SourceDate "2021.10.06"]
[SourceVersion "1"]
[SourceVersionDate "2021.10.06"]
[SourceQuality "1"]

1. c4 e5 2. g3 Nf6 3. Bg2 d5 4. cxd5 Nxd5 5. Nf3 Nc6 6. 0-0 Bc5 7. Nxe5 Nxe5 8. d4 Nb4 9. a3 Qxd4 10. Qxd4 Bxd4 11. axb4 c6 12. Na3 a6 13. e3 Bb6 14. Bd2 0-0 15. Bc3 Re8 16. h3 Bc7 17. Rad1 Be6 18. f4 Nc4 19. f5 Nxe3 20. fxe6 Rxe6 21. Rd7 Nxf1 22. Bxf1 Bb6+ 23. Kg2 c5 24. Bc4 cxb4 25. Bxe6 bxc3 26. Rxf7 Re8 27. Re7+ Kf8 28. Rf7+ Kg8 29. Re7+ Kf8 30. Rxe8+ Kxe8 31. bxc3 Ba5 32. c4 1-0

[Event "Biel ATO op 54th"]
[Site "Biel"]
[Date "2021.08.01"]
[Round "6"]
[White "Collin, Moritz Valentin"]
[Black "Hofer, Friedrich"]
[Result "1-0"]
[WhiteElo "1965"]
[BlackElo "1767"]
[PlyCount "63"]
[EventDate "2021.07.26"]
[EventType "swiss"]
[EventRounds "9"]
[EventCountry "SUI"]
[SourceTitle "EXT 2022"]
[Source "ChessBase"]
[SourceDate "2021.10.06"]
[SourceVersion "1"]
[SourceVersionDate "2021.10.06"]
[SourceQuality "1"]

1. d4 d5 2. c4 e6 3. Nc3 Be7 4. cxd5 exd5 5. Bf4 a6 6. e3 Nf6 7. Bd3 b5 8. h3 Bb7 9. Nf3 Nbd7 10. 0-0 Ne4 11. Rc1 Rc8 12. a4 b4 13. Nxd5 Bxd5 14. Bxa6 c6 15. Bxc8 Qxc8 16. Ne5 Nxe5 17. Bxe5 0-0 18. f3 Ng5 19. h4 f6 20. Bg3 Nf7 21. e4 Be6 22. d5 Rd8 23. Rxc6 Qxc6 24. dxc6 Rxd1 25. Rxd1 Ne5 26. Bxe5 fxe5 27. c7 Bc5+ 28. Kf1 Bd4 29. Rc1 Bc8 30. Rc6 Kf7 31. Rd6 Ke7 32. Rd8 1-0

[Event "Basel Special op"]
[Site "Basel"]
[Date "2021.07.18"]
[Round "3"]
[White "Collin, Moritz Valentin"]
[Black "Jedinger, Andreas"]
[Result "0-1"]
[WhiteElo "1965"]
[BlackElo "2117"]
[PlyCount "90"]
[EventDate "2021.07.17"]
[EventType "swiss"]
[EventRounds "6"]
[EventCountry "SUI"]
[SourceTitle "CBM 203 Extra"]
[Source "ChessBase"]
[SourceDate "2021.09.30"]
[SourceVersion "1"]
[SourceVersionDate "2021.09.30"]
[SourceQuality "1"]

1. d4 Nf6 2. c4 g6 3. Nc3 d5 4. cxd5 Nxd5 5. e4 Nxc3 6. bxc3 Bg7 7. Nf3 c5 8. Be3 Qa5 9. Nd2 Nd7 10. Qb3 0-0 11. Be2 cxd4 12. cxd4 Nb6 13. Rc1 Rd8 14. d5 e6 15. 0-0 exd5 16. exd5 Qxd5 17. Nc4 Be6 18. Rfd1 Qf5 19. Rxd8+ Rxd8 20. Bxb6 axb6 21. Qxb6 Qg5 22. Qe3 Qxe3 23. fxe3 b5 24. Na5 Bh6 25. Kf2 Rd2 26. Nb3 Rxa2 27. Nd4 Bc4 28. Rc2 Rxc2 29. Nxc2 Bxe2 30. Kxe2 f5 31. Kd3 Kf7 32. e4 fxe4+ 33. Kxe4 Kf6 34. Kd5 Bf8 35. Nd4 b4 36. h4 h5 37. Ke4 Bc5 38. Nb3 Bf2 39. Nc1 Bxh4 40. Nd3 b3 41. Kd4 Kf5 42. Kc3 b2 43. Kxb2 Ke4 44. Kc3 Ke3 45. Kc2 Bg3 0-1

[Event "Davos op 20th"]
[Site "Davos"]
[Date "2021.06.13"]
[Round "5"]
[White "Krieger, Markus"]
[Black "Collin, Moritz Valentin"]
[Result "1-0"]
[WhiteElo "2050"]
[BlackElo "1947"]
[PlyCount "59"]
[EventDate "2021.06.11"]
[EventType "swiss"]
[EventRounds "5"]
[EventCountry "SUI"]
[SourceTitle "CBM 203 Extra"]
[Source "ChessBase"]
[SourceDate "2021.09.30"]
[SourceVersion "1"]
[SourceVersionDate "2021.09.30"]
[SourceQuality "1"]

1. e4 c6 2. d4 d5 3. Nc3 dxe4 4. Nxe4 Bf5 5. Ng3 Bg6 6. Bc4 e6 7. N1e2 h6 8. 0-0 Nf6 9. Nf4 Bh7 10. c3 Na6 11. Re1 Nc7 12. Qb3 Qc8 13. Ngh5 Nxh5 14. Nxh5 Bg6 15. Nf4 Bf5 16. d5 cxd5 17. Nxd5 Bd6 18. Qa4+ Kf8 19. Bf4 Bxf4 20. Nxf4 g5 21. Nh5 Bg6 22. Be2 Bxh5 23. Bxh5 Kg7 24. Qd4+ f6 25. Qe4 f5 26. Qe5+ Kg8 27. Rad1 Rh7 28. Rd6 Re7 29. Red1 Ne8 30. Rd7 1-0

[Event "Zuerich Christmas op 44th"]
[Site "Tornelo INT"]
[Date "2020.12.30"]
[Round "7"]
[White "Collin, Moritz Valentin"]
[Black "Richter, Philipp2222"]
[Result "0-1"]
[WhiteElo "1855"]
[BlackElo "2233"]
[PlyCount "64"]
[EventDate "2020.12.26"]
[EventType "swiss"]
[EventRounds "7"]
[EventCountry "SUI"]
[SourceTitle "CBM 200 Extra"]
[Source "ChessBase"]
[SourceDate "2021.03.31"]
[SourceVersion "1"]
[SourceVersionDate "2021.03.31"]
[SourceQuality "1"]

1. d4 Nf6 2. c4 c5 3. d5 b5 4. cxb5 a6 5. bxa6 g6 6. Nc3 Bg7 7. e4 0-0 8. Nf3 Qa5 9. Bd2 Bxa6 10. Be2 Qb4 11. Bxa6 Nxa6 12. Qb1 Rfb8 13. b3 c4 14. 0-0 Ng4 15. Na4 c3 16. Bf4 d6 17. Qd3 Nc5 18. Nxc5 Qxc5 19. h3 Nh6 20. Rfc1 f5 21. Ng5 Qb5 22. Qc2 Qb4 23. Re1 Nf7 24. Ne6 Bf6 25. exf5 g5 26. Re4 Qb7 27. Bxg5 Nxg5 28. Nxg5 Qxd5 29. Rg4 Rxb3 30. Nxh7+ Kxh7 31. Re1 Rb2 32. Rxe7+ Bxe7 0-1

[Event "Zuerich Christmas op 44th"]
[Site "Tornelo INT"]
[Date "2020.12.26"]
[Round "1"]
[White "Collin, Moritz Valentin"]
[Black "Armstrong, Max"]
[Result "1-0"]
[WhiteElo "1855"]
[BlackElo "1342"]
[PlyCount "67"]
[EventDate "2020.12.26"]
[EventType "swiss"]
[EventRounds "7"]
[EventCountry "SUI"]
[SourceTitle "CBM 200 Extra"]
[Source "ChessBase"]
[SourceDate "2021.03.31"]
[SourceVersion "1"]
[SourceVersionDate "2021.03.31"]
[SourceQuality "1"]

1. d4 d5 2. c4 c6 3. Nc3 Nf6 4. Nf3 e6 5. Bg5 h6 6. Bh4 dxc4 7. e4 g5 8. Bg3 b5 9. Be2 Nbd7 10. 0-0 Bg7 11. Ne5 Nxe5 12. Bxe5 0-0 13. f4 Nh7 14. Bxg7 Kxg7 15. a4 Bd7 16. d5 Qb6+ 17. Kh1 Nf6 18. fxg5 hxg5 19. Qd2 Kg6 20. e5 Nh7 21. Ne4 f5 22. dxe6 Bxe6 23. Qd6 Rfe8 24. Ng3 Rad8 25. Bh5+ Kg7 26. Bxe8 Rxd6 27. exd6 Nf6 28. Rae1 Bd5 29. Nxf5+ Kh8 30. Nh6 Qd8 31. Bf7 Qxd6 32. Bxd5 Qxd5 33. Rxf6 Kg7 34. Ng4 1-0

[Event "EU-ch Online U14"]
[Site "Tornelo INT"]
[Date "2020.09.20"]
[Round "8"]
[White "Collin, Moritz Valentin"]
[Black "Gudmundsson, Gunnar Erik"]
[Result "1-0"]
[WhiteElo "1855"]
[BlackElo "1452"]
[PlyCount "73"]
[EventDate "2020.09.18"]
[EventType "swiss (rapid)"]
[EventRounds "9"]
[EventCountry "NET"]
[SourceTitle "EXT 2023"]
[Source "ChessBase"]
[SourceDate "2022.10.05"]
[SourceVersion "1"]
[SourceVersionDate "2022.10.05"]
[SourceQuality "1"]
[WhiteTeam "Schweiz"]
[BlackTeam "Island"]
[WhiteTeamCountry "SUI"]
[BlackTeamCountry "ISL"]

1. d4 Nf6 2. c4 e6 3. Nc3 Bb4 4. e3 0-0 5. Nge2 d5 6. a3 Be7 7. Nf4 b6 8. Bd3 Bb7 9. 0-0 dxc4 10. Bxc4 c5 11. Re1 Nc6 12. d5 Ne5 13. Ba2 exd5 14. Nfxd5 Bd6 15. e4 Nxd5 16. Bxd5 Bxd5 17. Nxd5 Nc6 18. f4 Re8 19. b3 Ne7 20. Nc3 Ng6 21. Qg4 Qc8 22. Qg3 c4 23. b4 a5 24. b5 Bc5+ 25. Kh1 Bd4 26. Bb2 a4 27. Rad1 Qc5 28. Nxa4 Qxb5 29. Bxd4 Rxa4 30. f5 Ne5 31. Bxe5 f6 32. Bxf6 Ra7 33. Rd8 Rxd8 34. Bxd8 Qd7 35. Qb8 Rb7 36. Qa8 Qd2 37. Bh4+ 1-0